Underdevelopment in kenya : (Record no. 3472)

MARC details
000 -LEADER
fixed length control field 00577nam a2200193 4500
003 - CONTROL NUMBER IDENTIFIER
control field OSt
005 - DATE AND TIME OF LATEST TRANSACTION
control field 20160412171605.0
008 - FIXED-LENGTH DATA ELEMENTS--GENERAL INFORMATION
fixed length control field 160412b xxu||||| |||| 00| 0 eng d
020 ## - INTERNATIONAL STANDARD BOOK NUMBER
International Standard Book Number 9966465812
040 ## - CATALOGING SOURCE
Transcribing agency 040a
082 ## - DEWEY DECIMAL CLASSIFICATION NUMBER
Classification number 320
Item number LEY 1975
100 ## - MAIN ENTRY--PERSONAL NAME
Personal name Leys, Colin
9 (RLIN) 7754
245 ## - TITLE STATEMENT
Title Underdevelopment in kenya :
Remainder of title the political economy of neo-colonialism 1964-1971 /
Statement of responsibility, etc. Colin Leys
260 ## - PUBLICATION, DISTRIBUTION, ETC. (IMPRINT)
Place of publication, distribution, etc. Nairobi
Name of publisher, distributor, etc. East African educational publishers
Date of publication, distribution, etc. 1975
300 ## - PHYSICAL DESCRIPTION
Extent xv, 284p;
Other physical details ill :
Dimensions 12 cm
504 ## - BIBLIOGRAPHY, ETC. NOTE
Bibliography, etc includes index
650 ## - SUBJECT ADDED ENTRY--TOPICAL TERM
Topical term or geographic name as entry element underdevelopment
9 (RLIN) 7755
942 ## - ADDED ENTRY ELEMENTS (KOHA)
Source of classification or shelving scheme Dewey Decimal Classification
Koha item type Short Loan
Holdings
Withdrawn status Lost status Source of classification or shelving scheme Damaged status Not for loan Home library Current library Date acquired Inventory number Total Checkouts Full call number Barcode Date last seen Price effective from Koha item type Source of acquisition
    Dewey Decimal Classification     MUST Main Library MUST Main Library 12/04/2016 13237   320 LEY 1975 2016-0740 12/04/2016 12/04/2016 Short Loan  
    Dewey Decimal Classification     MUST Main Library MUST Main Library 25/04/2016 13236   320 LEY 1975 2016-1217 25/04/2016 25/04/2016 Short Loan